000 00587nam a2200229Ia 4500
003 OSt
005 20220928150254.0
006 a|||||r|||| 00| 0
007 ta
008 220927b |||||||| |||| 00| 0 eng d
024 _a89323
037 _cTextual
040 _aSDCL
_cSDCL
_beng
041 _2eng
_aeng
082 _aI:423, M5.5
100 _aHarrison B D Ed.
_9515881
245 0 _aPlant viruses.V5.
260 _c1985
700 _a Maurant A F Ed.
_9515882
942 _hI:423, M5.5
_cTEXL
_2CC
999 _c840995
_d840995